Marketing căn bản Marketing essentials

Giới thiệu một cách khoa học và thuyết phục những vấn đề căn bản nhất của marketing, người nghiên cứu chuyên sâu và người mới tìm hiểu về marketing cũng hiểu được. Có đưa vào những tình huống thực tế và đầy kịch tính của marketing hie...

Volledige beschrijving

Bewaard in:
Bibliografische gegevens
Hoofdauteur: Kotler, Philip
Andere auteurs: Phan, Thăng
Formaat: Boek
Taal:Undetermined
Gepubliceerd in: H. Lao động - Xã hội 2007
Onderwerpen:
Online toegang:http://lrc.tdmu.edu.vn/opac/search/detail.asp?aID=2&ID=14680
Tags: Voeg label toe
Geen labels, Wees de eerste die dit record labelt!
Thư viện lưu trữ: Trung tâm Học liệu Trường Đại học Thủ Dầu Một
LEADER 01322nam a2200229Ia 4500
001 TDMU_14680
008 210410s9999 xx 000 0 und d
082 |a 658.8 
090 |b K435 
100 |a Kotler, Philip 
245 0 |a Marketing căn bản 
245 0 |b Marketing essentials 
245 0 |c Philip Kotler; TS. Phan Thăng, TS. Vũ Thị Phương, Giang Văn Chiến (lược d.) 
260 |a H. 
260 |b Lao động - Xã hội 
260 |c 2007 
300 |a 584tr 
520 |a Giới thiệu một cách khoa học và thuyết phục những vấn đề căn bản nhất của marketing, người nghiên cứu chuyên sâu và người mới tìm hiểu về marketing cũng hiểu được. Có đưa vào những tình huống thực tế và đầy kịch tính của marketing hiện đại như: cuộc đấu tranh của coca cola và pepsi cola, sự thất bại của công ty truyền hình cáp của CBS, ...; TM và chú thích tr.544-569; KT079; KT159 
650 |a Marketing  |x Căn bản; Quản trị marketting 
700 |a Phan, Thăng 
856 |u http://lrc.tdmu.edu.vn/opac/search/detail.asp?aID=2&ID=14680 
980 |a Trung tâm Học liệu Trường Đại học Thủ Dầu Một